000
00252nam a2200121Ia 4500
100
_a
American Machinist
942
_c
BK
654
_a
Tooling
245
_a
Tooling Manual
260
_b
American machinist
_c
2001
082
_a
621.9
546
_a
ENGLISH
999
_c
27295
_d
27295